BRICS borders - Statistics

General Stats
  • This quiz has been taken 20 times
  • The average score is 28 of 38
Answer Stats
Hint Answer % Correct
Borders only one Pakistan
93%
Borders only One Ukraine
93%
Borders only One Argentina
87%
Borders only One Bolivia
87%
Borders only One Colombia
87%
Borders only One Paraguay
87%
Borders only One Peru
87%
Borders one from Kaliningrad Poland
87%
Borders only One Uruguay
87%
Is inside one of BRICS countries Bangladesh
80%
Borders only One Belarus
80%
Borders only One Finland
80%
Borders only One Guyana
80%
Borders only One Latvia
80%
Borders only One Lithuania
80%
Borders more than one Mongolia
80%
Borders more than one Nepal
80%
Borders more than one North korea
80%
Borders more than one Bhutan
73%
Borders only One Estonia
73%
Borders only One Eswatini
73%
Borders one Through overseas territories France
73%
Borders only One Suriname
73%
Borders only One Venezuela
73%
Borders only One Kyrgyzstan
67%
Borders more than one Myanmar
67%
Borders only One Norway
67%
Borders only one Vietnam
67%
Borders only One Azerbaijan
60%
Borders only One Georgia
60%
Borders only One Laos
60%
Borders one Through Adams bridge Sri Lanka
60%
Borders only little Afghanistan
53%
Borders only One Botswana
53%
Borders only One Namibia
53%
Borders only One Tajikistan
53%
Borders only One Zimbabwe
53%
Borders more than one Kazakstan
33%
No matching quizzes found
Score Distribution
Percent of People with Each Score
Percentile by Number Answered
Your Score History
You have not taken this quiz